000 00622nam a2200241 i 4500
001 C2-0248015
003 PPAK
005 20180727212418.0
008 030408s1991 my |||| ||||| | may d
020 _a9838930210
040 _aPPAK
_beng
_cPPAK
_erda
082 0 4 _a899.233
_223
090 0 0 _a899.233
_bAHA
_dG
100 0 _aAhadiat Akashah,
_eauthor
245 1 0 _aHorizon
264 1 _aKuala Lumpur :
_bCreative Enterprise ,
_c1991
300 _a133 pages ;
_c19 cm
336 _2rdacontent
_atext
337 _2rdamedia
_aunmediated
338 _2rdacarrier
_avolume
650 1 0 _aMalay fiction
942 _ddc
_cB
999 _c61764
_d61764